|
|
|
|
| LEADER |
00000cam a2200000 7i4500 |
| 001 |
0000008401 |
| 005 |
20180919093000.0 |
| 008 |
070920s2004 enk eng |
| 020 |
|
|
|a 1859419631
|
| 050 |
0 |
0 |
|a d2 KGJ60
|b .P55 2004
|
| 090 |
0 |
0 |
|a d2 KGJ60
|b .P55 2004
|
| 100 |
1 |
|
|a Phillips, Fred ,
|d 1918- ,
|e author
|
| 245 |
1 |
0 |
|a Ethics of the legal profession :
|b a new order
|c Sir Fred Phillips
|
| 260 |
2 |
|
|a London :
|b Cavendish Publishing ,
|c 2004
|
| 300 |
|
|
|a xv, 185 p. ;
|c 25 cm.
|
| 504 |
|
|
|a Includes bibliographical references (p. [173]-179) and index
|
| 505 |
0 |
0 |
|a 1. A crisis in legal ethics -- 2. The law - a business rather than a profession -- 3. Access to justice -- 4. Immunity from suit -- 5. Professional responsibility of lawyers -- 6. Wasted cost -- 7. Confidentiality and legal professional privilege -- 8. Conflicts of interest and Chinese walls -- 9. Self regulation and discipline in the profession -- 10. Ethics of the criminal process -- 11. Alternative dispute resolution -- 12. Epilogue
|
| 650 |
|
0 |
|a Attorney and client
|z Caribbean Area
|
| 650 |
|
0 |
|a Attorney and client
|z West Indies, British
|
| 650 |
|
0 |
|a Justice, Administration of
|z Caribbean Area
|
| 650 |
|
0 |
|a Justice, Administration of
|z West Indies, British
|
| 650 |
|
0 |
|a Legal ethics
|z Caribbean Area
|
| 650 |
|
0 |
|a Legal ethics
|z West Indies, British
|
| 999 |
|
|
|a 1000105821
|b Book
|c OPEN SHELF (30 DAYS)
|e Gong Badak Campus
|